Tổng hợp và nghiên cứu tính chất hóa keo của chất hydroxyapatite khuyết canxi chứa carbonate : Luận án Tiến sĩ - Chuyên ngành Hóa học

Đã lưu trong:
Bibliografiske detaljer
Hovedforfatter: Đoàn, Văn Đạt
Format: Luận văn
Sprog:Undetermined
Udgivet: Đại học Tổng hợp Nghiên cứu Quốc gia Belgorod 2015
Fag:
Tags: Tilføj Tag
Ingen Tags, Vær først til at tagge denne postø!
Thư viện lưu trữ: Trung tâm Thư viện - Trường Đại học Công nghiệp TP. Hồ Chí Minh
LEADER 00691nam a2200157Ia 4500
001 UIH_01866
008 230809s9999 xx 000 0 und d
082 |a 540 
100 |a Đoàn, Văn Đạt 
245 0 |a Tổng hợp và nghiên cứu tính chất hóa keo của chất hydroxyapatite khuyết canxi chứa carbonate : Luận án Tiến sĩ - Chuyên ngành Hóa học 
245 0 |c Đoàn, Văn Đạt 
260 |b Đại học Tổng hợp Nghiên cứu Quốc gia Belgorod 
260 |c 2015 
650 |a Hóa học;Hóa keo 
927 |a Luận văn 
980 |a Trung tâm Thư viện - Trường Đại học Công nghiệp TP. Hồ Chí Minh